Microsoft PowerPoint 2013 : step by step
Сохранить в:
| Главный автор: | |
|---|---|
| Формат: | Sách |
| Язык: | Undetermined |
| Опубликовано: |
Microsoft Press
2013
|
| Предметы: | |
| Метки: |
Добавить метку
Нет меток, Требуется 1-ая метка записи!
|
| Thư viện lưu trữ: | Trung tâm Thư viện - Trường Đại học Công nghiệp TP. Hồ Chí Minh |
|---|
| LEADER | 00486nam a2200157Ia 4500 | ||
|---|---|---|---|
| 001 | UIH_05831 | ||
| 008 | 231011s9999 xx 000 0 und d | ||
| 082 | |a 005.58 | ||
| 100 | |a Cox, Joyce | ||
| 245 | 0 | |a Microsoft PowerPoint 2013 : step by step | |
| 245 | 0 | |c Cox, Joyce | |
| 260 | |b Microsoft Press | ||
| 260 | |c 2013 | ||
| 650 | |a Presentation graphics software; | ||
| 927 | |a Sách | ||
| 980 | |a Trung tâm Thư viện - Trường Đại học Công nghiệp TP. Hồ Chí Minh | ||